[Event "Mlada Boleslav Region-ch U20"]
[Site "Mlada Boleslav"]
[Date "2013.06.23"]
[Round "5"]
[White "Kronowetterova, Marie"]
[Black "Drobnakova, Sandra"]
[Result "0-1"]
[WhiteElo "1100"]
[BlackElo "1250"]
[PlyCount "82"]
[EventDate "2013.06.22"]
[EventType "swiss"]
[EventRounds "7"]
[EventCountry "CZE"]
[SourceTitle "EXT 2015"]
[Source "ChessBase"]
[SourceDate "2014.11.20"]
[SourceVersion "1"]
[SourceVersionDate "2014.11.20"]
[SourceQuality "1"]

1. e4 e5 2. Nf3 Nc6 3. Nc3 Bc5 4. Bc4 Nf6 5. h3 0-0 6. d3 h6 7. Nxe5 Nxe5 8. d4 Nxc4 9. dxc5 d6 10. Bf4 Ne8 11. Qd3 Be6 12. Qg3 g5 13. h4 f6 14. hxg5 hxg5 15. Qh2 Kf7 16. Qh7+ Ng7 17. Bg3 dxc5 18. Rd1 Qe7 19. 0-0 Rad8 20. Rde1 Nd2 21. f4 Nxf1 22. Rxf1 Rh8 23. Qxh8 Rxh8 24. fxg5 Nh5 25. Be5 Kg6 26. gxf6 Qf7 27. Ne2 Kg5 28. a3 Rh6 29. Rf3 Bg4 30. Bf4+ Nxf4 31. Rxf4 Bxe2 32. Rf5+ Kg4 33. Kf2 Rxf6 34. Kxe2 Rxf5 35. exf5 Qxf5 36. Kd2 Qf2+ 37. Kc3 b5 38. b4 cxb4+ 39. Kxb4 Qxc2 40. g3 Qc4+ 41. Ka5 Qa4# 0-1

[Event "Mlada Boleslav Region-ch U20"]
[Site "Mlada Boleslav"]
[Date "2013.06.22"]
[Round "4"]
[White "Drobnakova, Sandra"]
[Black "Feldstein, Stepan"]
[Result "1-0"]
[WhiteElo "1250"]
[BlackElo "1250"]
[PlyCount "63"]
[EventDate "2013.06.22"]
[EventType "swiss"]
[EventRounds "7"]
[EventCountry "CZE"]
[SourceTitle "EXT 2015"]
[Source "ChessBase"]
[SourceDate "2014.11.20"]
[SourceVersion "1"]
[SourceVersionDate "2014.11.20"]
[SourceQuality "1"]

1. e4 e5 2. Nf3 Nc6 3. Bc4 Bc5 4. 0-0 h6 5. Nc3 Nf6 6. d3 d6 7. h3 0-0 8. Be3 Nd4 9. Na4 b5 10. Nxc5 dxc5 11. Bb3 g5 12. Nxe5 Qd6 13. Ng4 h5 14. Nxf6+ Qxf6 15. Qxh5 Ne6 16. Bxe6 Bxe6 17. Bxc5 Kg7 18. Bxf8+ Rxf8 19. c3 Rh8 20. Qe2 Rd8 21. d4 Bc4 22. Qe3 Bxf1 23. Rxf1 c6 24. e5 Qg6 25. f4 gxf4 26. Rxf4 Qb1+ 27. Kh2 Qxa2 28. Rg4+ Kf8 29. Qh6+ Ke7 30. Qf6+ Kd7 31. Rg7 Rf8 32. Qd6+ 1-0

[Event "Mlada Boleslav Region-ch U20"]
[Site "Mlada Boleslav"]
[Date "2013.06.22"]
[Round "2"]
[White "Drobnakova, Sandra"]
[Black "Pokorna, Jana"]
[Result "0-1"]
[WhiteElo "1250"]
[BlackElo "1354"]
[PlyCount "140"]
[EventDate "2013.06.22"]
[EventType "swiss"]
[EventRounds "7"]
[EventCountry "CZE"]
[SourceTitle "EXT 2015"]
[Source "ChessBase"]
[SourceDate "2014.11.20"]
[SourceVersion "1"]
[SourceVersionDate "2014.11.20"]
[SourceQuality "1"]

1. e4 e5 2. Nf3 Nc6 3. Bc4 Bc5 4. Nc3 Nf6 5. h3 0-0 6. 0-0 d6 7. d3 h6 8. Be3 Bb6 9. Nd5 Be6 10. Nxb6 axb6 11. Bxe6 fxe6 12. Re1 d5 13. exd5 exd5 14. Bd2 Re8 15. a3 e4 16. dxe4 Nxe4 17. Be3 Ne5 18. Bd4 Nxf3+ 19. Qxf3 c5 20. Be3 Rf8 21. Qg4 Qf6 22. f3 Nd6 23. c3 Rae8 24. a4 Re7 25. b3 Rfe8 26. Bd2 Re2 27. Rad1 Rxd2 28. Rxe8+ Nxe8 29. Rxd2 Qxc3 30. Rxd5 Qe1+ 31. Kh2 Nf6 32. Qc8+ Kf7 33. Qxb7+ Kg6 34. Qc6 Kf7 35. Rf5 Kg6 36. Rf4 Qe5 37. Kg3 Kh7 38. Qb5 Nh5+ 39. Kf2 Nxf4 40. Qc4 Qg5 41. Qe4+ Ng6 42. h4 Qxh4+ 43. Qxh4 Nxh4 44. g3 Nf5 45. g4 Nd4 46. Ke3 Nxb3 47. Kd3 Kg6 48. Kc4 Nd4 49. f4 h5 50. gxh5+ Kxh5 51. f5 b5+ 52. axb5 Nxb5 53. Kxb5 Kg5 54. Kxc5 Kxf5 55. Kd4 Kf4 56. Kd3 Kf3 57. Kd2 g5 58. Ke1 Kg2 59. Ke2 g4 60. Ke1 g3 61. Ke2 Kh2 62. Kf1 g2+ 63. Ke2 g1Q 64. Kd2 Qg3 65. Ke2 Kg2 66. Kd2 Kf2 67. Kc2 Ke2 68. Kb2 Kd2 69. Ka2 Kc2 70. Ka1 Qa3# 0-1